[Event "AUT-chT2W 1516"]
[Site "Austria"]
[Date "2016.03.04"]
[Round "9.2"]
[White "Tabernig, Bernhard"]
[Black "Kranzl, Julian"]
[Result "1-0"]
[WhiteElo "2328"]
[BlackElo "1917"]
[PlyCount "111"]
[EventDate "2015.10.16"]
[EventType "team-tourn"]
[EventRounds "11"]
[EventCountry "AUT"]
[SourceTitle "EXT 2017"]
[Source "ChessBase"]
[SourceDate "2016.10.25"]
[SourceVersion "1"]
[SourceVersionDate "2016.10.25"]
[SourceQuality "1"]
[WhiteTeam "Zillertal"]
[BlackTeam "Hohenems II"]
[WhiteTeamCountry "AUT"]
[BlackTeamCountry "AUT"]

1. d4 Nf6 2. c4 e6 3. Nc3 Bb4 4. f3 d5 5. a3 Be7 6. e4 dxe4 7. fxe4 e5 8. d5 Bc5 9. Nf3 Bg4 10. Bd3 Nbd7 11. Bd2 a5 12. b3 Bxf3 13. Qxf3 0-0 14. g4 Ne8 15. Na4 Qe7 16. Ke2 Bd4 17. Rab1 b6 18. Nc3 Bxc3 19. Bxc3 Nd6 20. h4 Nc5 21. b4 axb4 22. axb4 Nxd3 23. Qxd3 Ra3 24. Kd2 Rfa8 25. c5 Nc8 26. Qc4 Ra2+ 27. Rb2 R2a4 28. g5 bxc5 29. Qxc5 Qd6 30. Kd3 Nb6 31. Rbb1 Ra3 32. Qxd6 cxd6 33. Ra1 f5 34. gxf6 gxf6 35. Rxa3 Rxa3 36. Ra1 Rxa1 37. Bxa1 Kg7 38. b5 Kg6 39. Bc3 f5 40. Ba5 fxe4+ 41. Kxe4 Nd7 42. b6 Nc5+ 43. Kf3 Kf5 44. Bb4 Nb7 45. Ba3 h5 46. Bb2 Nc5 47. Bc3 Nb7 48. Ke3 Kg4 49. Be1 Nc5 50. Bf2 Nb7 51. Ke4 Nd8 52. Be1 Nb7 53. Kd3 Kf4 54. Kc4 e4 55. Kb5 Nd8 56. Ka6 1-0

[Event "AUT-ch U18"]
[Site "St Veit"]
[Date "2015.04.02"]
[Round "7.6"]
[White "Koelber, Daniel"]
[Black "Kranzl, Julian"]
[Result "1/2-1/2"]
[WhiteElo "1703"]
[BlackElo "1763"]
[PlyCount "143"]
[EventDate "2015.03.29"]
[EventType "swiss"]
[EventRounds "7"]
[EventCountry "AUT"]
[SourceTitle "EXT 2024"]
[Source "ChessBase"]
[SourceDate "2023.10.10"]
[SourceVersion "1"]
[SourceVersionDate "2023.10.10"]
[SourceQuality "1"]

1. e4 c5 2. Nf3 Nc6 3. d4 cxd4 4. Nxd4 e5 5. Nb5 d6 6. N1c3 a6 7. Na3 Be7 8. Be3 Nf6 9. Nc4 b5 10. Nb6 Rb8 11. Nxc8 Qxc8 12. f3 0-0 13. Be2 Rd8 14. Bg5 Nd4 15. Bxf6 Bxf6 16. Bd3 Bh4+ 17. g3 Bg5 18. Nd5 Qh3 19. Bf1 Qd7 20. h4 Be7 21. Qd3 Rdc8 22. c3 Ne6 23. 0-0-0 Bf8 24. Kb1 Qa7 25. Qe3 Qxe3 26. Nxe3 b4 27. cxb4 Rxb4 28. Bxa6 Rc6 29. Bd3 Rcb6 30. b3 Rb8 31. Nd5 R4b7 32. Bc4 Nd4 33. Rhf1 Be7 34. Nxe7+ Rxe7 35. Rc1 Kf8 36. Bd5 Ne2 37. Rc6 Nxg3 38. Rfc1 Rd7 39. Rc7 Ke7 40. Rxd7+ Kxd7 41. Rg1 Nh5 42. Bxf7 g6 43. Bd5 Rf8 44. Rc1 Rxf3 45. a4 Nf6 46. Kb2 Nxd5 47. exd5 Rd3 48. b4 Rxd5 49. b5 Rc5 50. Rd1 Kc7 51. Kb3 d5 52. Kb4 Rc4+ 53. Kb3 Kd6 54. b6 Kc6 55. Rxd5 Rxh4 56. a5 Rh3+ 57. Kb2 e4 58. Re5 Rh5 59. Rxe4 Rxa5 60. Re7 Kxb6 61. Rxh7 Rc5 62. Rg7 g5 63. Rg6+ Kc7 64. Kb3 Kd7 65. Kb4 Rf5 66. Kc3 Ke7 67. Kd3 Kf7 68. Ra6 Re5 69. Kd4 Re8 70. Kd3 g4 71. Ra4 Kg6 72. Rxg4+ 1/2-1/2

[Event "AUT-ch U18"]
[Site "St Veit"]
[Date "2015.04.01"]
[Round "6.9"]
[White "Kranzl, Julian"]
[Black "Walder, Elias"]
[Result "1-0"]
[WhiteElo "1763"]
[BlackElo "1389"]
[PlyCount "95"]
[EventDate "2015.03.29"]
[EventType "swiss"]
[EventRounds "7"]
[EventCountry "AUT"]
[SourceTitle "EXT 2024"]
[Source "ChessBase"]
[SourceDate "2023.10.10"]
[SourceVersion "1"]
[SourceVersionDate "2023.10.10"]
[SourceQuality "1"]

1. d4 Nf6 2. c4 e6 3. Nc3 Bb4 4. Nf3 b6 5. Bg5 Bb7 6. Nd2 d5 7. Qa4+ Nc6 8. cxd5 exd5 9. e3 Bxc3 10. bxc3 Qd6 11. Bd3 0-0 12. 0-0 Rfe8 13. Bf4 Qd7 14. h3 Ne4 15. Nxe4 dxe4 16. Be2 Rad8 17. c4 Nxd4 18. Bd1 Nc6 19. Bg4 Qe7 20. Rad1 a6 21. Be2 Ne5 22. Qb3 Ng6 23. Bg3 Bc8 24. Qc2 c5 25. Rxd8 Rxd8 26. Rb1 Qb7 27. Qb2 h6 28. a4 Qa7 29. Qxb6 Qxb6 30. Rxb6 Be6 31. Bd6 Ra8 32. a5 Nh4 33. Bxc5 Rc8 34. Bd4 Bxc4 35. Bxc4 Rxc4 36. Rxa6 Nf5 37. Ra8+ Kh7 38. Be5 f6 39. Bb8 Ra4 40. g3 Ne7 41. Bd6 Nd5 42. Bc5 Nc7 43. Ra7 Nb5 44. Ra6 Kg6 45. Kg2 Kf7 46. Rb6 Nc3 47. a6 Ra5 48. Bb4 1-0

[Event "AUT-ch U18"]
[Site "St Veit"]
[Date "2015.03.31"]
[Round "5.5"]
[White "Kranzl, Julian"]
[Black "Hoegl, Emanuel"]
[Result "0-1"]
[WhiteElo "1763"]
[BlackElo "1871"]
[PlyCount "132"]
[EventDate "2015.03.29"]
[EventType "swiss"]
[EventRounds "7"]
[EventCountry "AUT"]
[SourceTitle "EXT 2024"]
[Source "ChessBase"]
[SourceDate "2023.10.10"]
[SourceVersion "1"]
[SourceVersionDate "2023.10.10"]
[SourceQuality "1"]

1. d4 d5 2. c4 c6 3. cxd5 cxd5 4. Nf3 Nf6 5. Nc3 Nc6 6. Bf4 Bf5 7. e3 e6 8. Bb5 Be7 9. Ne5 Qb6 10. Qa4 Rc8 11. 0-0 0-0 12. Nxc6 bxc6 13. Ba6 Ra8 14. b3 Nh5 15. Be5 f6 16. Bg3 Nxg3 17. hxg3 c5 18. dxc5 Bxc5 19. Nb5 Rab8 20. a3 Bd3 21. b4 Be7 22. Rfc1 Bxb5 23. Qxb5 Qxb5 24. Bxb5 Rxb5 25. Rc7 Bd6 26. Rxa7 Rc8 27. Ra6 Bf8 28. Rxe6 Ra8 29. a4 Rxb4 30. a5 d4 31. exd4 Rxd4 32. a6 Rd6 33. Rxd6 Bxd6 34. Kh2 Kf7 35. Kh3 Ke7 36. Kg4 g6 37. Kf3 Kd7 38. Rh1 Rxa6 39. Rxh7+ Ke6 40. g4 Ra3+ 41. Ke2 Ra2+ 42. Kf1 g5 43. Rh3 Ra4 44. Re3+ Be5 45. f3 Kd5 46. Rb3 Kc4 47. Rb7 Rb4 48. Rd7 Rb5 49. Kf2 Rb2+ 50. Kg1 Bg3 51. Kf1 Rb1+ 52. Ke2 Rg1 53. Rf7 Rxg2+ 54. Kf1 Rf2+ 55. Kg1 Rxf3 56. Kg2 Re3 57. Rxf6 Bf4 58. Rc6+ Kd5 59. Ra6 Rg3+ 60. Kf2 Rxg4 61. Ra5+ Ke6 62. Ra6+ Kf5 63. Ra5+ Be5 64. Kf3 Rf4+ 65. Kg2 g4 66. Ra3 Rb4 0-1

[Event "AUT-ch U18"]
[Site "St Veit"]
[Date "2015.03.29"]
[Round "2.4"]
[White "Kranzl, Julian"]
[Black "Schwab, Lukas"]
[Result "0-1"]
[WhiteElo "1763"]
[BlackElo "2019"]
[PlyCount "84"]
[EventDate "2015.03.29"]
[EventType "swiss"]
[EventRounds "7"]
[EventCountry "AUT"]
[SourceTitle "EXT 2024"]
[Source "ChessBase"]
[SourceDate "2023.10.10"]
[SourceVersion "1"]
[SourceVersionDate "2023.10.10"]
[SourceQuality "1"]

1. d4 Nf6 2. c4 e6 3. Nc3 Bb4 4. Nf3 0-0 5. Bg5 h6 6. Bh4 d5 7. cxd5 exd5 8. Qc2 c6 9. e3 Bg4 10. Ne5 Be6 11. Bd3 Nbd7 12. f4 Nb6 13. f5 Bd7 14. Ng4 Be7 15. Ne5 Ne8 16. Bxe7 Qxe7 17. Qf2 Nf6 18. g4 c5 19. Kf1 c4 20. Bc2 Bc6 21. h4 Nfd7 22. Nxc6 bxc6 23. g5 hxg5 24. hxg5 Qxg5 25. Qh2 Qh6 26. Qxh6 gxh6 27. Kf2 Nf6 28. Rh3 Rfe8 29. Rah1 Kf8 30. Bd1 Ng8 31. e4 dxe4 32. Re1 Rad8 33. Rxe4 Rxe4 34. Nxe4 Rxd4 35. Bc2 Nd5 36. a3 Ngf6 37. Nxf6 Rd2+ 38. Ke1 Rxc2 39. Nxd5 cxd5 40. Rxh6 Rxb2 41. Ra6 c3 42. Rxa7 Rb1+ 0-1

[Event "AUT-ch U18"]
[Site "St Veit"]
[Date "2015.03.29"]
[Round "1.5"]
[White "Ly, Dominik"]
[Black "Kranzl, Julian"]
[Result "0-1"]
[WhiteElo "1955"]
[BlackElo "1763"]
[PlyCount "119"]
[EventDate "2015.03.29"]
[EventType "swiss"]
[EventRounds "7"]
[EventCountry "AUT"]
[SourceTitle "EXT 2024"]
[Source "ChessBase"]
[SourceDate "2023.10.10"]
[SourceVersion "1"]
[SourceVersionDate "2023.10.10"]
[SourceQuality "1"]

1. e4 c5 2. Nf3 Nc6 3. d4 cxd4 4. Nxd4 e5 5. Nb5 d6 6. N1c3 a6 7. Na3 Be7 8. g3 Nf6 9. Bg5 0-0 10. Bxf6 Bxf6 11. Nd5 b5 12. c4 Qa5+ 13. Qd2 Qxd2+ 14. Kxd2 b4 15. Nc2 Rb8 16. b3 Bg5+ 17. Ke2 f5 18. Bg2 fxe4 19. Bxe4 Bf5 20. Bxf5 Rxf5 21. h4 Bd8 22. Rad1 a5 23. Rd2 Rf7 24. Rhd1 h6 25. Rd3 Rbb7 26. Nde3 Bc7 27. Rd5 Kh7 28. Rb5 Bb8 29. Nd5 Ba7 30. f4 exf4 31. gxf4 Bc5 32. Ra1 Rxb5 33. cxb5 Ne7 34. Nxe7 Rxe7+ 35. Kd3 Rb7 36. Kc4 Bf2 37. Rb1 d5+ 38. Kxd5 Rxb5+ 39. Ke4 Rc5 40. Kd3 Rc3+ 41. Kd2 Bxh4 42. Ne3 Bg3 43. Rf1 Rc5 44. Rf3 Bh4 45. Nc4 a4 46. Ne5 a3 47. Nc4 Rf5 48. Ne3 Rf7 49. Nd5 Be7 50. Re3 Bc5 51. Rd3 g5 52. Ke2 g4 53. Kf1 Kg6 54. Rd2 Rf5 55. Kg2 h5 56. Kg3 Rf7 57. Rc2 Bf8 58. Rc6+ Kf5 59. Rc4 Rd7 60. Rd4 0-1

[Event "Neumarkt am Wallersee op 13th"]
[Site "Neumarkt am Wallersee"]
[Date "2014.08.23"]
[Round "1"]
[White "Lipp, Alfred"]
[Black "Kranzl, Julian"]
[Result "1-0"]
[WhiteElo "2119"]
[BlackElo "1706"]
[PlyCount "171"]
[EventDate "2014.08.23"]
[EventType "swiss"]
[EventRounds "9"]
[EventCountry "AUT"]
[SourceTitle "EXT 2016"]
[Source "ChessBase"]
[SourceDate "2015.10.08"]
[SourceVersion "1"]
[SourceVersionDate "2015.10.08"]
[SourceQuality "1"]

1. d4 d5 2. c4 e6 3. Nc3 Nf6 4. Bg5 Be7 5. e3 h6 6. Bh4 0-0 7. Nf3 Nbd7 8. cxd5 Nxd5 9. Bg3 b6 10. e4 Nxc3 11. bxc3 Nf6 12. Bd3 Bb7 13. Qe2 c5 14. 0-0 Rc8 15. h3 cxd4 16. cxd4 Rc3 17. Rac1 Qc8 18. Bf4 Ba3 19. Rxc3 Qxc3 20. Bd2 Qc7 21. Bb1 Be7 22. e5 Nh7 23. Qd3 f5 24. exf6 Nxf6 25. Qg6 Bd6 26. Ne5 Bxe5 27. dxe5 Qxe5 28. Re1 Qh5 29. Qxh5 Nxh5 30. Rxe6 Rd8 31. Bg6 Nf6 32. Bc3 Nd5 33. Be5 Bc8 34. Rd6 Rxd6 35. Bxd6 Be6 36. Kf1 Bf7 37. Bd3 Nc3 38. a3 Bd5 39. f3 Kf7 40. Ke1 Bc6 41. Be5 Nd5 42. Kd2 g5 43. g3 Ke6 44. f4 gxf4 45. gxf4 b5 46. Bg6 Ne7 47. Bh7 Bg2 48. h4 Nf5 49. Bg8+ Ke7 50. h5 Bf3 51. Bh7 Ng3 52. Bg7 Nxh5 53. Bxh6 Ng3 54. Ke3 Bc6 55. Kd4 Be8 56. Ke5 a5 57. f5 Nh5 58. Bd2 a4 59. Bb4+ Kd7 60. Bg8 Kd8 61. f6 Nxf6 62. Kxf6 Kd7 63. Bd5 Bh5 64. Ke5 Be2 65. Kd4 Bc4 66. Be4 Kc7 67. Kc5 Bf1 68. Ba5+ Kb8 69. Bb6 Be2 70. Kb4 Bf1 71. Ka5 Bc4 72. Bd8 Ka7 73. Bc7 Be2 74. Bd6 Bc4 75. Bc5+ Kb8 76. Kb6 Bf1 77. Bf5 Ka8 78. Bd6 Bg2 79. Bd7 Bh1 80. Bxb5 Bg2 81. Bxa4 Bh1 82. Bd7 Bb7 83. a4 Bh1 84. a5 Bg2 85. a6 Bh1 86. Bc8 1-0

[Event "AUT-ch U14"]
[Site "Linz"]
[Date "2013.05.21"]
[Round "7"]
[White "Kranzl, Julian"]
[Black "Mesaros, Sebastian"]
[Result "1/2-1/2"]
[WhiteElo "1605"]
[BlackElo "1782"]
[PlyCount "62"]
[EventDate "2013.05.18"]
[EventType "swiss"]
[EventRounds "7"]
[EventCountry "AUT"]
[SourceTitle "EXT 2015"]
[Source "ChessBase"]
[SourceDate "2014.11.20"]
[SourceVersion "1"]
[SourceVersionDate "2014.11.20"]
[SourceQuality "1"]

1. e4 c6 2. d4 d5 3. Nc3 dxe4 4. Nxe4 Bf5 5. Ng3 Bg6 6. Nf3 Nd7 7. Bc4 e6 8. 0-0 Be7 9. Re1 Ngf6 10. c3 0-0 11. Nh4 Nd5 12. Nxg6 hxg6 13. Bb3 N7f6 14. Bg5 Qa5 15. Bd2 Qb6 16. Qf3 Rfd8 17. Rad1 c5 18. c4 Nc7 19. dxc5 Bxc5 20. Bg5 Nce8 21. Be3 Bxe3 22. Rxe3 Rxd1+ 23. Qxd1 Rd8 24. Qc2 Qd4 25. h3 Qd2 26. Qxd2 Rxd2 27. Re2 Rxe2 28. Nxe2 Ne4 29. Bc2 Nc5 30. b4 Nd7 31. Ba4 Nef6 1/2-1/2